000 00664 a2200193 4500
020 _a0387944222
020 _a9780387944227
082 _a515.7
090 _c1518
_d1518
100 1 _aZeidler, Eberhard.
245 1 0 _aApplied functional analysis :
_bmain principles and their applications /
_cEberhard Zeidler.
250 _a1st ed.
260 _a[S.l.] :
_bSpringer,
_c1995.
300 _a444 p. ;
_c24 cm.
490 1 _aApplied mathematical sciences.
830 0 _aApplied mathematical sciences.
942 _aSNS
_cBK
_k515.7 ZEI
999 _c30129
_d30129